[Event "FRA-ch op-B"]
[Site "Narbonne"]
[Date "1997.??.??"]
[Round "7"]
[White "Zaganiaris, Emmanuel"]
[Black "Schoucair, Henry"]
[Result "0-1"]
[WhiteElo "1560"]
[BlackElo "1199"]
[PlyCount "136"]
[EventDate "1997.08.??"]
[EventType "swiss"]
[EventRounds "11"]
[EventCountry "FRA"]
[SourceTitle "EXT 2021"]
[Source "ChessBase"]
[SourceDate "2020.10.23"]
[SourceVersion "1"]
[SourceVersionDate "2020.10.23"]
[SourceQuality "1"]

1. e4 e5 2. Nf3 Nc6 3. d4 exd4 4. Nxd4 d6 5. Be3 Nf6 6. Nc3 g6 7. Bb5 Bd7 8. Nxc6 bxc6 9. Bc4 Bg7 10. Qd2 0-0 11. 0-0-0 Be6 12. Bxe6 fxe6 13. e5 Nd5 14. Nxd5 cxd5 15. f4 dxe5 16. fxe5 Bxe5 17. Kb1 Qd6 18. g3 Rab8 19. Bd4 Rb7 20. Rhe1 Bxd4 21. Qxd4 Rfb8 22. b3 Rb6 23. Rd2 c5 24. Qe5 Qxe5 25. Rxe5 Kf7 26. Rf2+ Ke7 27. Rd2 Rd6 28. Kc1 Kf6 29. Rde2 Rf8 30. R5e3 Re8 31. Re5 Rf8 32. R5e3 Ke7 33. Rc3 Rc6 34. Rce3 Rf5 35. g4 Rg5 36. h3 h5 37. gxh5 Rxh5 38. Rg3 Kf6 39. Reg2 Rh6 40. Rf2+ Ke7 41. Rgf3 Rh7 42. Re2 Rf7 43. Rxf7+ Kxf7 44. Rf2+ Ke7 45. Re2 Kd6 46. Rg2 Rc7 47. Rxg6 Rh7 48. Rg3 e5 49. Kd2 d4 50. c3 Rf7 51. cxd4 cxd4 52. Kd3 Rf2 53. Ke4 Rf4+ 54. Kd3 Rf2 55. a4 Kd5 56. Rg5 Rf3+ 57. Kc2 Rxh3 58. Rg7 Rh2+ 59. Kc1 a6 60. Rd7+ Kc6 61. Re7 Kd5 62. Rg7 Rh6 63. Rd7+ Rd6 64. Rb7 e4 65. a5 e3 66. b4 d3 67. Rb6 Rxb6 68. axb6 Kc6 0-1